| 000 | 00967nam a22002417a 4500 | ||
|---|---|---|---|
| 005 | 20240530110530.0 | ||
| 008 | 160316s2013 ua a g 000 0 ara d | ||
| 017 |
_a2012/21743 _bمصر . دار الكتب المصرية |
||
| 020 | _a9789776223615 | ||
| 040 | _aEG-CaGPL | ||
| 082 | 0 | 4 |
_221 _a341.55\ _bإ ط |
| 100 | 0 | _aايناس محمد البهجى . | |
| 245 | 1 | 0 |
_aطرق التقاضى و دور القضاء بين القانون الدولى و الشريعة / _cايناس محمد البهجى ، يوسف المصرى . |
| 250 | _aط1. | ||
| 260 |
_aالقاهرة : _bالمركز القومى لاصدارات القانونية ، _c2013 . |
||
| 300 |
_a476 ص ؛ _c24 سم . |
||
| 650 | 0 | 4 | _aالمحاكم الدولية . |
| 650 | 0 | 4 | _aمحكمة العدل الدولية . |
| 650 | 0 | 4 | _aالقانون الجنائى . |
| 650 | 0 | 4 | _aالقانون الدولى . |
| 942 |
_2ddc _cBK |
||
| 999 |
_c62070 _d62070 |
||